| 000 | 00659nam a22001937a 4500 | ||
|---|---|---|---|
| 005 | 20160112085835.0 | ||
| 008 | 160112b us||||| |||| 00| 0 eng d | ||
| 020 | _a9780199738632 | ||
| 050 | 0 | 4 |
_aP165 _bO94 2007 |
| 245 | 0 | 4 |
_aThe Oxford handbook of cognitive linguistics / edited by Dirk Geeraerts and Hubert Cuyckens _ced. by Dirk Geeraerts and Hubert Cuyckens |
| 250 | _a1a ed. | ||
| 260 |
_aOxford : _bOxford University Press, _c2007 |
||
| 300 |
_a1334 p. : _bil. ; _c25 cm. |
||
| 490 | 0 | _aOxford handbooks | |
| 650 | 7 |
_2Lemb _aGramática cognitiva |
|
| 700 | 1 |
_aGeeraerts, Dirk, _d 1955- , _eed. |
|
| 700 | 1 |
_aCuyckens, H., _eed. |
|
| 942 |
_2lcc _cLIB |
||
| 999 |
_c111025 _d111025 |
||